Представление документа в формате RUSMARC

ПолеНазваниеЗначение
  Тип записи a
  Библиографический уровень a
001 Контрольный номер RU/CBS_Ul/BASE/515693802
005 Дата корректировки 20240209175159.9
100 Данные общей обработки __
a Данные общей обработки 20160504d2016 ||| 0rusy0189 ca
101 Язык документа 0_
a Язык текста rus
102 Страна публикации __
a Страна публикации RU
105 Кодированные данные (монография) __
a Кодированные данные (монография) y###||||000|y
181 Поле кодированных данных: вид содержания _1
a Код вида содержания (ISBD) i#
b Код характеристики содержания (ISBD) #xxe##
d i
g x
h x
i e
2 Код системы (источник кода, отличный от ISBD) isbdcontent
182 Поле кодированных данных: тип средства _1
a Код типа средства (ISBD) n
2 Код системы (источник кода, отличный от ISBD) isbdmedia
200 Заглавие и сведения об ответственности 1_
a Заглавие Была такая авиация...
b Общее обозначение материала Текст
e Сведения, относящиеся к заглавию [воздушные армии ВВС СССР]
f Первые сведения об ответственности С. Дроздов
w Текст (визуальный) : непосредственный
203 Вид содержания и тип средства __
a Вид содержания Текст
b Характеристика содержания визуальный
c Тип средства непосредственный
300 Общие примечания __
a Общие примечания Ограничения по возрасту - 16+
461 Уровень набора _0
1 2000
a Авиация и космонавтика вчера, сегодня, завтра
463 Уровень физической единицы _0
1 001RU/CBS_Ul/BASE/506800762
1 2000
a № 1
v С. 10-15 : фото
1 210
d 2016
606 Тематические рубрики 0_
a Основная рубрика Авиация военная - СССР - История
610 Ключевые слова 0_
a Ключевые слова история авиации
a Ключевые слова история военной авиации
a Ключевые слова военная авиация СССР
a Ключевые слова ВВС СССР
a Ключевые слова военно-воздушные силы СССР
a Ключевые слова воздушные армии ВВС СССР
a Ключевые слова 1-я воздушная Краснознамённая армия
a Ключевые слова 4-я воздушная Краснознамённая армия ВГК ОН
a Ключевые слова 5-я воздушная Краснознамённая армия
a Ключевые слова 14-я воздушная Краснознамённая армия
a Ключевые слова 15-я воздушная армия
a Ключевые слова 16-я воздушная Краснознамённая армия
a Ключевые слова 17-я воздушная Краснознамённая армия
a Ключевые слова 23-я воздушная Краснознамённая армия
a Ключевые слова авиационные полки
686 Индексы других классификаций __
a Классификационный индекс 68.53
2 Код системы ББК
700 Автор _1
a Фамилия Дроздов
b Имя (инициалы) С.
801 Источник записи _0
a Страна RU
b Организация МБУК ЦБС г. Ульяновска
c Дата составления 20160504
g Правила каталогизации RCR
801 Источник записи _1
a Страна RU
b Организация МБУК ЦБС г. Ульяновска
c Дата составления 20160504
g Правила каталогизации RCR
901 Тип документа __
t Тип документа b
w Контрольный № источника RU/CBS_Ul/BASE/506800762
910 Корректоры записи __
a Корректор записи admin2
938 Служебная информация __
a Имя БД period